Primera linea (Registro nro. 9671)
[ vista simple ]
| 000 -CABECERA | |
|---|---|
| Longitud fija campo de control | 01443nam a2200289 a 4500 |
| 003 - IDENTIFICADOR DEL NUMERO DE CONTROL | |
| Identificador del número de control | CO-ViMGA |
| 005 - FECHA Y HORA DE LA ULTIMA TRANSACCION | |
| Fecha y hora de la última transacción | 20230915233131.0 |
| 008 - CODIGOS DE INFORMACION DE LONGITUD FIJA | |
| Códigos de información de longitud fija | 091229s2006 ck a grb 00010dspa d |
| 020 ## - NUMERO INTERNACIONAL NORMALIZADO PARA LIBROS | |
| Número Internacional Normalizado para Libros (ISBN) | 9789588293219 |
| 040 ## - FUENTE DE LA CATALOGACION | |
| Centro catalogador de origen | CO-ViMGA |
| Lengua de catalogación | spa |
| Centro transcriptor | CO-ViMGA |
| 043 ## - CODIGO DE AREA GEOGRAFICA | |
| Código de área geográfica | ck |
| 082 04 - NUMERO DE LA CLASIFICACION DECIMAL DEWEY | |
| Número de clasificación (R) | 070.44 |
| Número del ítem | G17p |
| 100 10 - PUNTO DE ACCESO PRINCIPAL-NOMBRE DE PERSONA | |
| Nombre de persona | Garca̕, Alvaro |
| 245 10 - TITULO PROPIAMENTE DICHO | |
| Título | Primera linea |
| Mención de responsabilidad, etc. | Alvaro Garca̕ |
| 250 ## - MENCION DE EDICION | |
| Mención de edición | 1a. ed. |
| 300 ## - DESCRIPCION FISICA | |
| Extensión | 402 pg̀inas |
| -- | ilustraciones |
| Dimensiones | 23 cm. |
| 490 ## - MENCION DE SERIE | |
| Mención de serie | Coleccin̤ dorada. Interš general |
| 490 ## - MENCION DE SERIE | |
| Mención de serie | Villegas periodismo |
| 505 ## - NOTA DE CONTENIDO CON FORMATO | |
| Nota de contenido con formato | Muhammad Yunus ; Rodolfo Llins̀ ; Jos Ľuis Cuevas ; Cšar Rincn̤ ; Jos M̌ara̕ Aznar ; Fernando Botero ; Dalai Lama ; Antonio Skr̀meta ; Juan Pablo Montoya ; Barbet Schoeder ; Andrš Lp̤ez ; Guillermo Kuitca ; Enrique Vila-Matas ; Alfonso Lp̤ez Michelsen ; Naomi Campbell ; Diego Armando Maradona ; Diomedes Da̕z ; Javier Cercas ; Luis Fernando Montoya ; Michelle Bachelet ; Pirry ; Ernesto Bèz ; Fernando Savater ; Emilio Azcr̀raga ; Alfonso Lp̤ez Trujillo ; Vc̕tr Gaviria ; Álvaro Uribe Vľez ; Deepak Chopra ; Juan Gossan̕ ; Juanes |
| 650 14 - PUNTO DE ACCESO ADICIONAL DE MATERIA - TERMINO DE MATERIA | |
| Término de materia o nombre geográfico como elemento inicial | Personajes celebres |
| Fuente del encabezamiento | LEMB |
| 650 14 - PUNTO DE ACCESO ADICIONAL DE MATERIA - TERMINO DE MATERIA | |
| Término de materia o nombre geográfico como elemento inicial | Personajes colombianos |
| Subdivisión de forma | Entrevistas |
| Fuente del encabezamiento | LEMB |
| 650 14 - PUNTO DE ACCESO ADICIONAL DE MATERIA - TERMINO DE MATERIA | |
| Término de materia o nombre geográfico como elemento inicial | Polt̕icos colombianos |
| Fuente del encabezamiento | LEMB |
| 700 10 - PUNTO DE ACCESO ADICIONAL - NOMBRE DE PERSONA | |
| Nombre de persona | Jaramillo, Carolina |
| Término indicativo de función | editor |
| 700 10 - PUNTO DE ACCESO ADICIONAL - NOMBRE DE PERSONA | |
| Nombre de persona | Villegas Jimňez |
| Fechas asociadas al nombre | Benjamn̕ |
| Término indicativo de función | editor |
| 942 ## - ENTRADA DE ELEMENTOS AGREGADOS (KOHA) | |
| Fuente de clasificaión o esquema | Dewey Decimal Classification |
| Koha [por defecto] tipo de item | LIbro |
| Perdido | Fuente de clasificación o esquema | Estado Físico | No para préstamo | Forma de adquisición | Localización permanente | Localización actual | Localización en estanterías | Fecha adquisición | Préstamos totales | Signatura completa | Código de barras | Fecha última consulta | Número de copia | Fecha del precio de reemplazo | Tipo de item de Koha | Note pública |
|---|---|---|---|---|---|---|---|---|---|---|---|---|---|---|---|---|
| Dewey Decimal Classification | Colección General | Biblioteca Pública Cubarral | Biblioteca Pública Cubarral | General | 08/03/2023 | 070.44 G17p | CUB02123 | 08/03/2023 | Ej.1 | 08/03/2023 | LIbro | |||||
| Dewey Decimal Classification | Colección General | Biblioteca Pública Restrepo | Biblioteca Pública Restrepo | General | 05/20/2025 | 070.44 G17p | RES00059 | 05/20/2025 | Ej.1 | 05/20/2025 | LIbro | |||||
| Dewey Decimal Classification | Colección General | Biblioteca Pública El Castillo - Alfonso Meneses | Biblioteca Pública El Castillo - Alfonso Meneses | General | 08/24/2023 | 070.44 G17p | EC01431 | 08/24/2023 | Ej.1 | 08/24/2023 | LIbro | |||||
| Sala General | Biblioteca Pública Departamental Eduardo Carranza - Villavicencio | Biblioteca Pública Departamental Eduardo Carranza - Villavicencio | General | 03/09/2016 | 070.44 G17p | ECA10747 | 11/25/2024 | Ej.1 | 11/25/2024 | LIbro | 18685 | 23856 | |||||
| Dewey Decimal Classification | Sala General Segundo Piso | Biblioteca Pública Germán Arciniegas - Villavicencio | Biblioteca Pública Germán Arciniegas - Villavicencio | 05/06/2016 | 070.44 G17p | 30030 | 05/06/2016 | Ej. 1 | 05/06/2016 | LIbro | ||||||
| Dewey Decimal Classification | Colección General | Biblioteca Pública Guamal | Biblioteca Pública Guamal | General | 06/22/2023 | 070.44 G17p | GUA003684 | 06/22/2023 | Ej.1 | 06/22/2023 | LIbro | |||||
| Dewey Decimal Classification | Colección General | Biblioteca Pública La Macarena | Biblioteca Pública La Macarena | General | 07/17/2025 | 070.44 G17p | LM02651 | 07/17/2025 | Ej.1 | 07/17/2025 | LIbro | |||||
| Dewey Decimal Classification | Colección General | Biblioteca Pública San Juan de Arama - Concepción de Arama | Biblioteca Pública San Juan de Arama - Concepción de Arama | General | 05/13/2025 | 070.44 G17p | SJA00985 | 05/13/2025 | Ej.1 | 05/13/2025 | LIbro |